| 000 | 01317cam a2200349 a 4500 | ||
|---|---|---|---|
| 999 |
_c19566 _d19566 |
||
| 001 | 11834409 | ||
| 003 | BDDh-ASL | ||
| 005 | 20231015025804.0 | ||
| 008 | 990924s1998 ii b 001 0 eng | ||
| 010 | _a 99933783 | ||
| 020 | _a8185604371 | ||
| 025 | _aI-E-99-933783; 61-92; 61-00 | ||
| 035 | _a(DLC) 99933783 | ||
| 037 |
_bLibrary of Congress -- New Delhi Field Office _cRs300.00 |
||
| 040 |
_aDLC _cDLC _dBDDh-ASL |
||
| 042 | _alcode | ||
| 043 | _aa-ii--- | ||
| 050 | 0 | 0 |
_aDS485.M28 _bK57 1998 |
| 082 |
_a294.5 _bGET |
||
| 100 | 1 | _aKītā, Va. | |
| 245 | 1 | 0 |
_aTowards a non-Brahmin millennium : _bfrom Iyothee Thass to Periyar / _cV. Geetha and S.V. Rajadurai. |
| 260 |
_aCalcutta : _bSamya ; in association with Book Review Literary Trust ; _aMumbai : _bDistributed by Bhatkal Book International, _c1998. |
||
| 300 |
_axvi, 556 p. : _c22 cm. |
||
| 504 | _aIncludes bibliographical references (p. [531]-540) and index. | ||
| 520 | _aOn non-Brahmin-Dravidian movement in Tamil Nadu, India. | ||
| 650 | 0 |
_aDravidians _xPolitics and government _y20th century. |
|
| 651 | 0 |
_aTamil Nadu (India) _xPolitics and government _y20th century. |
|
| 700 | 1 | _aRājaturai, Es. Vi. | |
| 906 |
_a7 _bcbc _corigode _d3 _encip _f19 _gy-gencatlg |
||
| 942 |
_2ddc _cBK |
||